=LDR 00000nam 2200000 4500 =001 INLIS000000000005383 =005 20130612093628 =008 ***********************************Ind** =035 ##$$0010-061300000005383 =041 ##$$a Ind =082 ##$$a 813 =090 ##$$a 813, Feb l =100 ##$$a FEBRIANA, Ngarto =245 ##$$a Lorong tanpa cahaya, Ngarto Febriana. -- =650 ##$$a 2000 $b Yogyakarta =710 ##$$a 195 hlm, 21 cm =850 ##$$a Fiksi Dewasa - Indonesia